Harmonizace daňových systémů zemí Evropské unie

Salvato in:
Dettagli Bibliografici
Autore principale: Nerudová, Danuše
Natura: Libro
Lingua:ceco
Pubblicazione: Praha ASPI Wolters Kluwer 2008
Edizione:2. aktualiz. vyd.
Serie:Daňová řada
Soggetti:
Tags: Aggiungi Tag
Nessun Tag, puoi essere il primo ad aggiungerne!!

MARC

LEADER 00000nam$a2200000$$$4500
001 0104177
005 20240313085832.4
020 |a 978-80-7357-386-7 
041 0 |a cze 
044 |a CZ 
245 1 0 |a Harmonizace daňových systémů zemí Evropské unie  |c Danuše Nerudová 
250 |a 2. aktualiz. vyd. 
264 1 |a Praha  |b ASPI Wolters Kluwer  |c 2008 
300 |a 257 s. 
490 1 |a Daňová řada 
830 0 |a Daňová řada 
610 2 0 |a dane 
610 2 0 |a systémy daňové 
610 2 0 |a integrácia ekonomická medzinárodná 
610 2 0 |a harmonizácia 
610 2 0 |a politika daňová 
610 2 0 |a smernice 
610 2 0 |a Európska únia 
100 1 |a Nerudová, Danuše